Normal view
MARC view
- Iqbal, Mehroz
Entry Personal Name
001 - CONTROL NUMBER
- control field: 125318
003 - CONTROL NUMBER IDENTIFIER
- control field: NUST
005 - DATE AND TIME OF LATEST TRANSACTION
- control field: 20240823125345.0
008 - FIXED-LENGTH DATA ELEMENTS
- fixed length control field: 240823|| aca||aabn | a|a d
040 ## - CATALOGING SOURCE
- Original cataloging agency: NUST
- Transcribing agency: NUST
100 ## - HEADING--PERSONAL NAME
- Personal name: Iqbal, Mehroz
670 ## - SOURCE DATA FOUND
- Source citation: Work cat.: (NUST): Iqbal, Mehroz, ANALYZING THE PERFORMANCE OF NON-LIFE INSURANCE COMPANIES USING TWO-STAGE DATA ENVELOPMENT ANALYSIS/
